000 01197nam a2200265Ia 4500
008 130821s2010 ck a grff spa
020 _a9789589900123
040 _aCo-BoUCM
_bspa
041 0 0 _aspa
110 1 _aColombia.
_bProcuraduría General de la Nación
245 1 0 _aContratación visible manual para un buen control de recursos en la contratación pública
_cProcuraduría General de la Nacion
260 _aBogotá (Colombia)
_bImprenta Nacional de Colombia
_c2010
300 _a199 páginas
_bilustraciones, cuadros, gráficos
500 _aIncluye relación con las 138 fuentes normativas vigentes.
504 _aIncluye referencias bibliográficas.
650 0 4 _aAdministración pública
_xLeyes
_9355
650 0 4 _aContratos administrativos
_xLegislación
_zColombia
_97452
650 0 4 _aContratos públicos
_xLegislación
_zColombia
_911849
650 0 4 _aContratos públicos
_zColombia
_vManuales
_911849
650 0 4 _aDerecho administrativo
_912695
710 1 _aColombia.
_bAuditoría general de la República
710 1 _aColombia.
_bInstituto de Estudios del Ministerio Público
942 _cLIBRO
_a8
_e1
_mC764co
_2DEWEY
_h342.623
999 _c70838
_d70838